| 000 | nam a22 a 4500 | ||
|---|---|---|---|
| 999 |
_c3502 _d3502 |
||
| 003 | AKMAL | ||
| 005 | 20170523095554.0 | ||
| 008 | 170523s2005 my a e | 001 0 may d | ||
| 020 |
_a9676116564 (kkt.) : _cRM21.00 |
||
| 040 | _aAKMAL | ||
| 082 | 0 | 4 |
_a658.45 SUL _222 |
| 090 | 0 | 0 |
_a658.45 _bSUL |
| 100 | 0 |
_aSulaiman Masri, _d1949- _97004 |
|
| 245 | 1 | 0 |
_aKomunikasi pejabat / _cSulaiman Masri, Ahmad Khair Mohd Nor |
| 260 |
_aKuala Lumpur : _bUtusan Publications & Distributors, _c2005 |
||
| 300 |
_axviii, 170ms. : _bil. ; _c25cm. |
||
| 500 | _aMengandungi indeks | ||
| 504 | _aBibliografi : ms.158-159 | ||
| 650 | 1 | 0 |
_aBusiness communication _91235 |
| 650 | 2 | 0 |
_aInterpesonal communication _97005 |
| 650 | 2 | 0 |
_aCommunication in management _92708 |
| 700 | 0 |
_aAhmad Khair Mohd Nor _97006 |
|
| 942 |
_2ddc _cBOOK |
||